| Поле | Название | Значение |
| |
Тип записи |
a |
| |
Библиографический уровень |
m |
| 001 |
Контрольный номер |
RU\infra-m\znanium\bibl\2237590 |
| 005 |
Дата корректировки |
20260429142107.4 |
| 008 |
Кодируемые данные |
260407s2025 RU g rus u |
| 020 |
Индекс ISBN |
__ |
| a |
ISBN |
978-601-82305-1-6 |
| 040 |
Источник каталогиз. |
__ |
| a |
Служба первич. каталог. |
Общество с ограниченной ответственностью «ЗНАНИУМ» |
| 041 |
Код языка издания |
__ |
| a |
Код языка текста |
rus |
| 044 |
Код страны публикации |
__ |
| a |
Код страны публикации |
RU |
| 080 |
Индекс УДК |
__ |
| a |
Индекс УДК |
339 |
| 080 |
Индекс УДК |
__ |
| a |
Индекс УДК |
070 |
| 084 |
Индекс другой классификации/Индекс ББК |
__ |
| 2 |
Источник индекса |
rubbk |
| a |
Индекс другой классификации/Индекс ББК |
760 |
| 084 |
Индекс другой классификации/Индекс ББК |
__ |
| 2 |
Источник индекса |
okso |
| a |
Индекс другой классификации/Индекс ББК |
38.03.06 |
| 084 |
Индекс другой классификации/Индекс ББК |
__ |
| 2 |
Источник индекса |
okso |
| a |
Индекс другой классификации/Индекс ББК |
42.03.01 |
| 084 |
Индекс другой классификации/Индекс ББК |
__ |
| 2 |
Источник индекса |
okso |
| a |
Индекс другой классификации/Индекс ББК |
42.03.02 |
| 100 |
Автор |
__ |
| a |
Автор |
Колесниченко О. |
| q |
Полное имя |
Колесниченко Олеся |
| 245 |
Заглавие |
__ |
| a |
Заглавие |
О чем молчат PR-агентства: Гид по обратной стороне индустрии |
| b |
Продолж. заглавия |
Практическое пособие |
| 250 |
Сведения об издании |
__ |
| a |
Основные сведения об издании |
1 |
| 260 |
Выходные данные |
__ |
| a |
Место издания |
Астана |
| b |
Издательство |
Zerde Publishing |
| c |
Дата издания |
2026 |
| 300 |
Физическое описание |
__ |
| a |
Объем |
160 с. |
| 520 |
Аннотация |
__ |
| a |
Аннотация |
Пиарщики привыкли говорить об успехах как о данности умалчивая осложностях которые им приходится преодолевать в ходе работы. Автор книги «О чем молчат PR- агентства» отступает от этого неписаного правила и предлагает читателю шагнуть за кулисы PR- индустрии узнать какой труд стоит за красивыми отчетами и успешными кейсами понять с какими вызовами ежедневно сталкиваются специалисты по связям собщественностью и на какие компромиссы им приходится идти взаимодействуя с заказчиками. Олеся Колесниченко признанный эксперт в области PR с более чем 20-летним стажем предлагает уникальный взгляд на реальность PR- агентств и развенчивает мифы о легкости этой профессии. Автор делится с читателем тонкими профессиональными наблюдениями и приводит примеры изсвоей практики. Основная мысль книги заключается втом что успех в PR обусловлен прежде всего вдумчивой кропотливой ипоследовательной работой которая выстраивается по определенным законам и правилам. Книга адресована как заказчикам PR-агентств так и PR-специалистам включая профессионалов и новичков в этой сфере. Всем участникам процесса продвижения бренда она поможет найти оптимальные и эффективные решения получить нужную информацию и прийти квзаимопониманию. Ведь только на основе доверительных и честных отношений между заказчиком и агентством можно выстроить сильную репутацию зарекомендовать себя на рынке коммуникаций как надежного и профессионального партнера. |
| 521 |
Примеч. о цел. назн. |
__ |
| a |
Примеч. о целев. назн. |
Дополнительное образование взрослых |
| 650 |
Тематические рубрики |
__ |
| a |
Основная рубрика |
Реклама. Маркетинг. PR |
| 655 |
Указ. предметных рубрик (устаревшее) |
__ |
| a |
Жанр/ форма (устаревшее) |
Практическое пособие |
| 856 |
Электронный адрес документа |
4_ |
| a |
Имя сервера/домена |
znanium.ru |
| m |
Помощь |
ebs_support@infra-m.ru |
| n |
Местонахождение сервера |
НИЦ ИНФРА-М |
| u |
URL |
https://znanium.ru/catalog/document?id=475174 |
| 856 |
Электронный адрес документа |
48 |
| a |
Имя сервера/домена |
znanium.ru |
| d |
Путь |
/cover/2237 |
| f |
Электронное имя |
2237590.jpg |
| q |
Тип электронного формата |
image/jpeg |
| u |
URL |
https://znanium.ru/cover/2237/2237590.jpg |
| 911 |
|
__ |
| u |
|
0030=https://znanium.ru/catalog/document?id=475174 |